000 00655nam a22002057a 4500
003 UA-OsUOA
001 58049
007 ta
008 20090126b un ||||| |||| 00| 0 ukr d
090 _a330(477)
_bД47
942 _cSA
040 _aUA-OsUOA
_bukr
_cUA-OsUOA
_dUA-OsUOA
245 _aДиректива Ради 2006/112/ЄС від 28 листопада 2006 року про спільну систему податку на додану вартість
300 _aС.18-133
955 _a0
041 _aukr
080 _a330(477)
773 0 _w58045
_tЄвроінформ
_dК.
_d2007
_g4
650 7 _a330 Економіка взагалі
_2UDC
999 _c344131
_d344131